000 004560000a22001810004500
003 MACL
005 20151007131514.0
008 151007b xxu||||| |||| 00| 0 eng d
040 _aMACL
_cMACL
041 _aEnglish
082 _a920/TAL
100 _aTalbot, Phillips
_910250
245 _aAn American Witness To India's Partition
260 _bSage Publication
_c2007
_aNew Delhi
350 _a720
650 _aBiography
_914024
942 _cBK
_k920
_2ddc
999 _c7993
_d7993